[Event "Bucharest Grand Prix op"]
[Site "Bucharest"]
[Date "2024.03.24"]
[Round "8"]
[White "Filev, Georgi"]
[Black "Castellanos Rodriguez, Renier"]
[Result "1/2-1/2"]
[WhiteElo "2210"]
[BlackElo "2469"]
[PlyCount "91"]
[EventDate "2024.03.23"]
[EventType "swiss (rapid)"]
[EventRounds "10"]
[EventCountry "ROU"]
[SourceTitle "CB13_2024"]
[SourceDate "2024.03.27"]
[SourceVersion "1"]
[SourceVersionDate "2024.03.27"]
[SourceQuality "1"]

1. e4 c5 2. Nf3 Nc6 3. Bb5 d6 4. 0-0 Bd7 5. Re1 Nf6 6. c3 a6 7. Bxc6 Bxc6 8. d4 Bxe4 9. Bg5 Bd5 10. Nbd2 e6 11. c4 Bxf3 12. Qxf3 cxd4 13. Bxf6 gxf6 14. Qxb7 Qc8 15. Qd5 Be7 16. Qxd4 Qc5 17. Qc3 Rc8 18. Ne4 Qe5 19. Qc2 0-0 20. Rad1 Qf5 21. Qe2 Rfd8 22. Rd3 Kh8 23. Rf3 Qe5 24. Re3 Qd4 25. b3 f5 26. Rd1 Qg7 27. Nd2 d5 28. cxd5 Rxd5 29. Nc4 Rxd1+ 30. Qxd1 Rd8 31. Qb1 Bc5 32. Re1 Qd4 33. Qc2 Bb4 34. Rf1 Kg7 35. Qe2 Bc5 36. h3 Qe4 37. Qb2+ Bd4 38. Qa3 Qe2 39. Qc1 h6 40. Qf4 Bf6 41. Qg3+ Kh7 42. Qc7 Kg7 43. Qg3+ Kf8 44. Qc7 Kg7 45. Qg3+ Kh7 46. Qc7 1/2-1/2

[Event "Timisoara Foisor Memorial Rapid"]
[Site "Timisoara"]
[Date "2023.08.06"]
[Round "7"]
[White "Petkov, Momchil"]
[Black "Filev, Georgi"]
[Result "1-0"]
[WhiteElo "2489"]
[BlackElo "2210"]
[PlyCount "57"]
[EventDate "2023.08.05"]
[EventType "swiss (rapid)"]
[EventRounds "10"]
[EventCountry "ROU"]
[SourceTitle "CBM 215 Extra"]
[Source "ChessBase"]
[SourceDate "2023.09.30"]
[SourceVersion "1"]
[SourceVersionDate "2023.09.30"]
[SourceQuality "1"]

1. d4 d5 2. c4 c6 3. Nf3 Nf6 4. g3 g6 5. Bg2 dxc4 6. 0-0 Bg7 7. a4 0-0 8. Na3 c5 9. Nxc4 Nc6 10. dxc5 Ne4 11. Be3 Be6 12. Rc1 Rc8 13. Ng5 Nxg5 14. Bxg5 Bd4 15. Nd6 Bxb2 16. Rb1 Bg7 17. Nxc8 Qxc8 18. Qd3 Bf5 19. Be4 Bxe4 20. Qxe4 e6 21. Rfd1 h6 22. Be3 Qc7 23. Qd3 Rd8 24. Qb5 Rb8 25. Rd6 Be5 26. Rd3 Kg7 27. Rbd1 Rd8 28. Rxd8 Nxd8 29. Qd7 1-0

[Event "Shumen Stojan Ivanov Memorial"]
[Site "Shumen"]
[Date "2023.07.28"]
[Round "4"]
[White "Enchev, Ivajlo"]
[Black "Filev, Georgi"]
[Result "1-0"]
[WhiteElo "2431"]
[BlackElo "2266"]
[PlyCount "71"]
[EventDate "2023.07.28"]
[EventType "swiss (rapid)"]
[EventRounds "11"]
[EventCountry "BUL"]
[SourceTitle "CBM 215 Extra"]
[Source "ChessBase"]
[SourceDate "2023.09.30"]
[SourceVersion "1"]
[SourceVersionDate "2023.09.30"]
[SourceQuality "1"]

1. Nf3 e6 2. c4 b6 3. d4 Bb7 4. a3 f5 5. Nc3 Nf6 6. d5 Na6 7. b4 c6 8. d6 g6 9. Bf4 Bg7 10. Be5 0-0 11. e3 Ne8 12. Bxg7 Kxg7 13. Qd2 Qf6 14. Rc1 e5 15. Be2 e4 16. Nd4 Nxd6 17. 0-0 c5 18. Ndb5 Nxb5 19. cxb5 Nb8 20. bxc5 bxc5 21. Nd5 Qe5 22. Rxc5 Rf7 23. f4 exf3 24. Bxf3 a6 25. Rfc1 Qd6 26. Qd4+ Kh6 27. Qh4+ Kg7 28. Nc7 Qb6 29. Nxa8 Bxa8 30. Bxa8 axb5 31. Bf3 Na6 32. Qd4+ Kh6 33. Rd5 Qa5 34. Qf4+ Kg7 35. Qe5+ Kh6 36. Rd4 1-0

[Event "Veliko Gradiste Silver Lake op-A"]
[Site "Veliko Gradiste"]
[Date "2023.06.24"]
[Round "8"]
[White "Filev, Georgi"]
[Black "Hemanth, Raam"]
[Result "1/2-1/2"]
[WhiteElo "2235"]
[BlackElo "2008"]
[PlyCount "45"]
[EventDate "2023.06.18"]
[EventType "swiss"]
[EventRounds "9"]
[EventCountry "SRB"]
[SourceTitle "CBM 215 Extra"]
[Source "ChessBase"]
[SourceDate "2023.09.30"]
[SourceVersion "1"]
[SourceVersionDate "2023.09.30"]
[SourceQuality "1"]

1. e4 e5 2. Nf3 Nc6 3. Bb5 a6 4. Ba4 d6 5. 0-0 Bd7 6. c3 g6 7. d4 Bg7 8. Be3 Nge7 9. Nbd2 0-0 10. dxe5 dxe5 11. Re1 h6 12. Nf1 Qc8 13. Bc5 Rd8 14. Qe2 b6 15. Ba3 Be6 16. N1d2 Qb7 17. Bb3 Bxb3 18. Nxb3 Rd7 19. Rad1 Rad8 20. Rxd7 Rxd7 21. Rd1 Rxd1+ 22. Qxd1 Qc8 23. Qd3 1/2-1/2

[Event "Panagyurishte op 9th"]
[Site "Panagyurishte"]
[Date "2023.05.28"]
[Round "2"]
[White "Basova, Yuliya"]
[Black "Filev, Georgi"]
[Result "0-1"]
[WhiteElo "1521"]
[BlackElo "2246"]
[PlyCount "68"]
[EventDate "2023.05.28"]
[EventType "swiss"]
[EventRounds "7"]
[EventCountry "BUL"]
[SourceTitle "CBM 214 Extra"]
[Source "ChessBase"]
[SourceDate "2023.07.31"]
[SourceVersion "1"]
[SourceVersionDate "2023.07.31"]
[SourceQuality "1"]

1. e4 e6 2. d4 b6 3. Nc3 Bb7 4. Bd3 Nf6 5. Nge2 c5 6. 0-0 cxd4 7. Nxd4 Nc6 8. Be3 Qc7 9. f4 Bc5 10. Be2 Nxd4 11. Bxd4 Nxe4 12. Nb5 Qc6 13. Rf3 0-0 14. Kf1 a6 15. Bxc5 Qxc5 16. Nc3 Nxc3 17. Rxc3 Qb4 18. Rc4 Qe7 19. Rc7 Bc6 20. Bf3 Rac8 21. Ra7 Qb4 22. Bxc6 dxc6 23. Qc1 Rcd8 24. c4 Rd2 25. b3 Rfd8 26. Qe1 h6 27. Rxa6 Qc3 28. Rc1 Qd3+ 29. Kg1 Re2 30. Qf1 Qe3+ 31. Kh1 Qe4 32. Rxb6 Rdd2 33. Rb8+ Kh7 34. Qf3 Re1+ 0-1

[Event "Panagyurishte op 9th"]
[Site "Panagyurishte"]
[Date "2023.05.28"]
[Round "7"]
[White "Filev, Georgi"]
[Black "Dimov, Kiril"]
[Result "1/2-1/2"]
[WhiteElo "2246"]
[BlackElo "1996"]
[PlyCount "26"]
[EventDate "2023.05.28"]
[EventType "swiss"]
[EventRounds "7"]
[EventCountry "BUL"]
[SourceTitle "CBM 214 Extra"]
[Source "ChessBase"]
[SourceDate "2023.07.31"]
[SourceVersion "1"]
[SourceVersionDate "2023.07.31"]
[SourceQuality "1"]

1. e4 e5 2. Nf3 Nc6 3. Bb5 a6 4. Ba4 Nf6 5. d3 d6 6. c3 g6 7. 0-0 Bg7 8. Re1 0-0 9. Nbd2 Nh5 10. Nf1 Nf4 11. d4 Qe7 12. Bb3 Qf6 13. dxe5 Nxe5 1/2-1/2

[Event "Panagyurishte op 9th"]
[Site "Panagyurishte"]
[Date "2023.05.28"]
[Round "3"]
[White "Filev, Georgi"]
[Black "Doykov, Stoycho"]
[Result "1-0"]
[WhiteElo "2246"]
[BlackElo "1610"]
[PlyCount "47"]
[EventDate "2023.05.28"]
[EventType "swiss"]
[EventRounds "7"]
[EventCountry "BUL"]
[SourceTitle "CBM 214 Extra"]
[Source "ChessBase"]
[SourceDate "2023.07.31"]
[SourceVersion "1"]
[SourceVersionDate "2023.07.31"]
[SourceQuality "1"]

1. e4 c5 2. Nf3 Nc6 3. d4 cxd4 4. Nxd4 d6 5. Nc3 Nf6 6. Bg5 e6 7. Qd2 Be7 8. 0-0-0 a6 9. f4 h6 10. Bh4 Nxd4 11. Qxd4 e5 12. fxe5 dxe5 13. Qxe5 Bd7 14. Bxf6 gxf6 15. Qh5 Qc7 16. Nd5 Qc6 17. Bd3 Be6 18. Nxe7 Kxe7 19. Rhf1 Bxa2 20. e5 fxe5 21. Qxe5+ Qe6 22. Qc5+ Qd6 23. Rde1+ Be6 24. Rxf7+ 1-0

[Event "Panagyurishte op 9th"]
[Site "Panagyurishte"]
[Date "2023.05.28"]
[Round "5"]
[White "Filev, Georgi"]
[Black "Stoimenov, Plamen"]
[Result "1-0"]
[WhiteElo "2246"]
[BlackElo "1826"]
[PlyCount "77"]
[EventDate "2023.05.28"]
[EventType "swiss"]
[EventRounds "7"]
[EventCountry "BUL"]
[SourceTitle "CBM 214 Extra"]
[Source "ChessBase"]
[SourceDate "2023.07.31"]
[SourceVersion "1"]
[SourceVersionDate "2023.07.31"]
[SourceQuality "1"]

1. e4 Nf6 2. e5 Nd5 3. d4 d6 4. Nf3 Bg4 5. Be2 e6 6. 0-0 Be7 7. c4 Nb6 8. Nc3 0-0 9. Be3 Nc6 10. exd6 cxd6 11. d5 Bxf3 12. Bxf3 Ne5 13. b3 Nxf3+ 14. Qxf3 Bf6 15. Bxb6 Qxb6 16. Na4 Qc7 17. Rac1 b6 18. Rfe1 e5 19. Nc3 Be7 20. Qe2 f5 21. Nb5 Qd7 22. Rcd1 Rf6 23. Nd4 f4 24. Ne6 Rc8 25. Rd3 b5 26. cxb5 Qxb5 27. Rc3 Qb7 28. Rxc8+ Qxc8 29. Qb5 Qc3 30. Rf1 f3 31. Qc6 Qd3 32. Qe8+ Bf8 33. Nxf8 Rxf8 34. Qe6+ Rf7 35. Rc1 g6 36. Qxd6 fxg2 37. Rc8+ Kg7 38. Qxe5+ Kh6 39. Qe3+ 1-0

[Event "Bucharest Grand Prix"]
[Site "Bucharest"]
[Date "2023.04.30"]
[Round "7"]
[White "Filev, Georgi"]
[Black "Barbu, Simon Alexandru"]
[Result "1-0"]
[WhiteElo "2235"]
[BlackElo "2023"]
[PlyCount "89"]
[EventDate "2023.04.29"]
[EventType "swiss (rapid)"]
[EventRounds "10"]
[EventCountry "ROU"]
[SourceTitle "CBM 213 Extra"]
[Source "ChessBase"]
[SourceDate "2023.05.31"]
[SourceVersion "1"]
[SourceVersionDate "2023.05.31"]
[SourceQuality "1"]

1. e4 c6 2. d4 d5 3. e5 Bf5 4. Nf3 e6 5. Be2 c5 6. Be3 Qb6 7. Nc3 Nc6 8. 0-0 c4 9. Rb1 h6 10. Nh4 Bh7 11. f4 Nge7 12. b3 Qa5 13. Qe1 Bxc2 14. Rb2 cxb3 15. Nb5 Qxe1 16. Nd6+ Kd7 17. Rxe1 Ng6 18. Nxg6 Bxd6 19. Nxh8 Ba3 20. Rxc2 bxc2 21. Nxf7 Nxd4 22. Bd3 Rc8 23. Bc1 Bc5 24. Kf1 Rf8 25. Nd6 g5 26. Nb5 Nxb5 27. Bxb5+ Ke7 28. g3 gxf4 29. gxf4 Bd4 30. Bd3 Rc8 31. Re2 Bb2 32. Bxb2 c1Q+ 33. Bxc1 Rxc1+ 34. Kg2 Ra1 35. Rc2 Kd7 36. f5 exf5 37. Bxf5+ Kd8 38. Rd2 Ke7 39. Rxd5 Rxa2+ 40. Kg3 Ke8 41. e6 a6 42. Rd7 Ra3+ 43. Kf4 Ra4+ 44. Ke5 Ra5+ 45. Kf6 1-0

[Event "Bucharest Grand Prix"]
[Site "Bucharest"]
[Date "2023.04.30"]
[Round "6"]
[White "Leu, Dragos Stefan"]
[Black "Filev, Georgi"]
[Result "1/2-1/2"]
[WhiteElo "1757"]
[BlackElo "2235"]
[PlyCount "91"]
[EventDate "2023.04.29"]
[EventType "swiss (rapid)"]
[EventRounds "10"]
[EventCountry "ROU"]
[SourceTitle "CBM 213 Extra"]
[Source "ChessBase"]
[SourceDate "2023.05.31"]
[SourceVersion "1"]
[SourceVersionDate "2023.05.31"]
[SourceQuality "1"]

1. d4 d5 2. Bf4 Nf6 3. e3 e6 4. Nd2 Bd6 5. Bg3 0-0 6. Bd3 c5 7. c3 Qc7 8. Ngf3 Nbd7 9. 0-0 Bxg3 10. hxg3 e5 11. dxe5 Nxe5 12. Nxe5 Qxe5 13. Nf3 Qc7 14. c4 dxc4 15. Bxc4 Bf5 16. Rc1 Rad8 17. Qb3 Be4 18. Rfd1 b6 19. Ng5 Bg6 20. Rxd8 Rxd8 21. Rd1 Rxd1+ 22. Qxd1 h6 23. Nh3 Be4 24. Nf4 Bc6 25. Nd5 Nxd5 26. Bxd5 Qd7 27. Bf3 Qxd1+ 28. Bxd1 Kf8 29. f3 Ke7 30. Kf2 Kd6 31. Bb3 f6 32. e4 b5 33. Ke3 c4 34. Bd1 Kc5 35. f4 b4 36. b3 c3 37. Bc2 a5 38. g4 Bd7 39. Bd1 Bc8 40. g3 Bd7 41. Be2 a4 42. Bd1 Be6 43. Kd3 a3 44. Ke3 Bd7 45. Kd3 Bb5+ 46. Ke3 1/2-1/2

[Event "Stara Zagora Trayana Spring"]
[Site "Stara Zagora"]
[Date "2021.03.20"]
[Round "7"]
[White "Filev, Georgi"]
[Black "Nikolaev, Georgi1111"]
[Result "1/2-1/2"]
[WhiteElo "2306"]
[BlackElo "1945"]
[PlyCount "73"]
[EventDate "2021.03.20"]
[EventType "swiss"]
[EventRounds "7"]
[EventCountry "BUL"]
[SourceTitle "EXT 2022"]
[Source "ChessBase"]
[SourceDate "2021.10.06"]
[SourceVersion "1"]
[SourceVersionDate "2021.10.06"]
[SourceQuality "1"]

1. e4 e5 2. Nf3 Nc6 3. d4 exd4 4. Nxd4 Nf6 5. Nxc6 bxc6 6. e5 Qe7 7. Qe2 Nd5 8. h4 a5 9. c4 Qb4+ 10. Nd2 Nf4 11. Qe4 Ne6 12. Be2 Bb7 13. 0-0 c5 14. Qg4 h5 15. Qg3 Nd4 16. Bd3 Rh6 17. Nf3 Bxf3 18. Bxh6 Be2 19. Bg5 Bxf1 20. Rxf1 Qxb2 21. Kh2 Ne6 22. Be4 c6 23. f4 Qe2 24. Re1 Qg4 25. Qe3 Be7 26. Bxe7 Kxe7 27. g3 Rb8 28. Qd2 Nd4 29. Kg2 a4 30. f5 a3 31. f6+ Kf8 32. fxg7+ Kxg7 33. Qe3 Rb2+ 34. Kg1 Qh3 35. Qg5+ Kf8 36. Qd8+ Kg7 37. Qf6+ 1/2-1/2

[Event "Kavala op 28th"]
[Site "Kavala"]
[Date "2019.08.05"]
[Round "2"]
[White "Papadopoulos, Petros"]
[Black "Filev, Georgi"]
[Result "1-0"]
[WhiteElo "2195"]
[BlackElo "2359"]
[PlyCount "101"]
[EventDate "2019.08.04"]
[EventType "swiss"]
[EventRounds "9"]
[EventCountry "GRE"]
[SourceTitle "CBM 191 Extra"]
[Source "ChessBase"]
[SourceDate "2019.09.30"]
[SourceVersion "1"]
[SourceVersionDate "2019.09.30"]
[SourceQuality "1"]

1. e4 d6 2. d4 Nf6 3. Nc3 g6 4. Nf3 Bg7 5. h3 0-0 6. Be3 c6 7. a4 Qc7 8. Bc4 Nbd7 9. 0-0 d5 10. exd5 Nb6 11. Bb3 Nbxd5 12. Qd2 Nxc3 13. Qxc3 Bf5 14. Qd2 Rad8 15. Bf4 Qc8 16. Rfe1 Rfe8 17. Qa5 Nd5 18. Be5 Bxh3 19. gxh3 Qxh3 20. Bxd5 Rxd5 21. Qc3 f6 22. Bg3 Bh6 23. Qb3 Kf8 24. Re4 Rh5 25. Rh4 Rxh4 26. Nxh4 Rd8 27. Nf3 Rd5 28. Re1 Rh5 29. Nh2 Qd7 30. Qe6 Rd5 31. Qxd7 Rxd7 32. c3 Kf7 33. Kg2 Bf8 34. b4 h5 35. Nf1 g5 36. f3 e6 37. Ne3 h4 38. Bb8 b6 39. Bh2 Be7 40. Re2 Bd8 41. b5 cxb5 42. axb5 Bc7 43. Bxc7 Rxc7 44. c4 f5 45. Rc2 Rd7 46. c5 bxc5 47. dxc5 Rc7 48. b6 axb6 49. cxb6 Rd7 50. Nc4 Rd8 51. b7 1-0

[Event "Titled Tuesday intern op 7th Aug"]
[Site "Chess.com INT"]
[Date "2018.08.07"]
[Round "1"]
[White "Erdogan, Anil Berk"]
[Black "Filev, Georgi"]
[Result "1/2-1/2"]
[WhiteElo "2055"]
[BlackElo "2359"]
[PlyCount "119"]
[EventDate "2018.08.07"]
[EventType "swiss (blitz)"]
[EventRounds "10"]
[EventCountry "USA"]
[SourceTitle "EXT 2021"]
[Source "ChessBase"]
[SourceDate "2020.10.23"]
[SourceVersion "1"]
[SourceVersionDate "2020.10.23"]
[SourceQuality "1"]

1. e4 e5 2. Nf3 Nc6 3. Bb5 f5 4. d3 fxe4 5. dxe4 Nf6 6. Nc3 Bc5 7. 0-0 d6 8. Bg5 0-0 9. Nd5 Kh8 10. c3 Bg4 11. h3 Bh5 12. g4 Bg6 13. Bd3 Qd7 14. Bxf6 gxf6 15. Nh4 Ne7 16. Nxe7 Qxe7 17. Kh1 Qg7 18. Qf3 Qh6 19. Nf5 Bxf5 20. gxf5 Rg8 21. Bc4 Rg5 22. Rg1 Qh4 23. Rxg5 fxg5 24. Rg1 h6 25. Kg2 c6 26. Bf7 Kg7 27. Bg6 Kf6 28. Kf1 Qf4 29. Qxf4 exf4 30. Ke2 Rd8 31. Rd1 d5 32. c4 Ke5 33. cxd5 cxd5 34. exd5 Rxd5 35. Rxd5+ Kxd5 36. f3 Bd4 37. b3 b5 38. Kd3 Be5 39. Bf7+ Kd6 40. Ke4 a5 41. a4 bxa4 42. bxa4 Bc3 43. Be8 Bb2 44. Bb5 Bc3 45. Be8 Bb2 46. Bb5 Bc3 47. f6 Bxf6 48. Kf5 Ke7 49. Kg6 Ke6 50. Kxh6 Bd8 51. Kg6 Ke5 52. Bc6 Be7 53. Bb7 Bd8 54. Bc6 Be7 55. Kf7 Bf6 56. Ke8 Bg7 57. Kf7 Bf6 58. Kg6 Bd8 59. Bb7 Be7 60. Bc6 1/2-1/2

[Event "Titled Tuesday intern op 7th Aug"]
[Site "Chess.com INT"]
[Date "2018.08.07"]
[Round "6"]
[White "Filev, Georgi"]
[Black "Blagojevic, Tijana"]
[Result "0-1"]
[WhiteElo "2359"]
[BlackElo "2232"]
[PlyCount "116"]
[EventDate "2018.08.07"]
[EventType "swiss (blitz)"]
[EventRounds "10"]
[EventCountry "USA"]
[SourceTitle "EXT 2021"]
[Source "ChessBase"]
[SourceDate "2020.10.23"]
[SourceVersion "1"]
[SourceVersionDate "2020.10.23"]
[SourceQuality "1"]

1. e4 d6 2. d4 Nf6 3. Nc3 e5 4. Nf3 Nbd7 5. Bc4 Be7 6. a4 0-0 7. 0-0 b6 8. Re1 Bb7 9. h3 a6 10. d5 c6 11. dxc6 Bxc6 12. Nd5 Bxd5 13. Bxd5 Nxd5 14. Qxd5 Nf6 15. Qb3 Qc7 16. c3 Nd7 17. Be3 Rab8 18. Rad1 b5 19. axb5 Rxb5 20. Qa2 Rfb8 21. Bc1 a5 22. Rd5 Nf6 23. Rxb5 Rxb5 24. Bg5 Qb7 25. Bxf6 Bxf6 26. Re2 d5 27. exd5 Rxd5 28. Qa4 g6 29. Qc4 Kg7 30. Nd2 Qd7 31. Ne4 Rd1+ 32. Kh2 Be7 33. Ng3 f6 34. Ne4 h5 35. Nc5 Qd5 36. Qxd5 Rxd5 37. Ne4 Rb5 38. Rc2 f5 39. Nd2 Bf6 40. Kg1 e4 41. Kf1 a4 42. Nc4 Rb3 43. Ke2 g5 44. Ne3 Kg6 45. Nd5 Be5 46. Kd2 f4 47. Ke2 Kf5 48. Ne7+ Ke6 49. Nc6 a3 50. bxa3 Bxc3 51. a4 Bf6 52. a5 Ra3 53. Rc5 f3+ 54. gxf3 exf3+ 55. Ke1 Kd6 56. Rc4 Kd5 57. Rc2 Bc3+ 58. Kd1 Ra1+ 0-1

[Event "Titled Tuesday intern op 7th Aug"]
[Site "Chess.com INT"]
[Date "2018.08.07"]
[Round "4"]
[White "Melnichuk, Mikhail"]
[Black "Filev, Georgi"]
[Result "1/2-1/2"]
[WhiteElo "2338"]
[BlackElo "2359"]
[PlyCount "151"]
[EventDate "2018.08.07"]
[EventType "swiss (blitz)"]
[EventRounds "10"]
[EventCountry "USA"]
[SourceTitle "EXT 2021"]
[Source "ChessBase"]
[SourceDate "2020.10.23"]
[SourceVersion "1"]
[SourceVersionDate "2020.10.23"]
[SourceQuality "1"]

1. Nf3 Nf6 2. g3 g6 3. Bg2 Bg7 4. 0-0 0-0 5. d4 d6 6. b3 Nbd7 7. Bb2 e5 8. dxe5 Ng4 9. c4 Ngxe5 10. Nc3 Nxf3+ 11. Bxf3 Ne5 12. Bg2 c6 13. Qd2 Qc7 14. Rad1 Rd8 15. Ne4 d5 16. cxd5 Rxd5 17. Qc2 Rxd1 18. Rxd1 Bf5 19. h3 Rd8 20. Rxd8+ Qxd8 21. g4 Bxe4 22. Bxe4 f6 23. f4 Nf7 24. Qd3 Nd6 25. Bf3 Qe7 26. Kg2 f5 27. Ba3 Bf8 28. g5 Qe6 29. Bb2 Bg7 30. Bxg7 Kxg7 31. Qd4+ Kf7 32. Qxa7 Qe7 33. Qd4 Qe6 34. Qh8 Ke7 35. Qxh7+ Nf7 36. Qg7 Qe3 37. Qf6+ Kf8 38. Qxg6 Qxf4 39. Qh5 Nxg5 40. Qh8+ Ke7 41. Qh6 Qd2 42. Qg7+ Ke6 43. Qg8+ Ke7 44. Qg7+ Ke6 45. Qg6+ Ke5 46. Qe8+ Kf6 47. Qf8+ Kg6 48. Qg8+ Kf6 49. Qh8+ Kg6 50. Qe8+ Kf6 51. Qg8 Nxf3 52. Kxf3 Qc3+ 53. Kg2 Qc2 54. Qh8+ Kf7 55. Qh5+ Kf6 56. Qh6+ Kf7 57. Qh7+ Kf6 58. Kf2 Qxa2 59. Qxb7 Qc2 60. Qc8 Qc5+ 61. Kf1 Qc1+ 62. Kg2 Qg5+ 63. Kf2 Qf4+ 64. Kg2 Qg5+ 65. Kh1 Qc1+ 66. Kg2 Qg5+ 67. Kf3 Qh5+ 68. Kf2 Qh4+ 69. Ke3 Qxh3+ 70. Kd2 Qxb3 71. Qxc6+ Qe6 72. Qxe6+ Kxe6 73. Ke3 Ke5 74. Kf3 f4 75. e3 fxe3 76. Kxe3 1/2-1/2

[Event "Titled Tuesday intern op 3rd July"]
[Site "Chess.com INT"]
[Date "2018.07.03"]
[Round "4"]
[White "Forster, William"]
[Black "Filev, Georgi"]
[Result "0-1"]
[WhiteElo "1824"]
[BlackElo "2390"]
[PlyCount "70"]
[EventDate "2018.07.03"]
[EventType "swiss (blitz)"]
[EventRounds "10"]
[EventCountry "USA"]
[SourceTitle "EXT 2021"]
[Source "ChessBase"]
[SourceDate "2020.10.23"]
[SourceVersion "1"]
[SourceVersionDate "2020.10.23"]
[SourceQuality "1"]

1. d4 Nf6 2. c4 g6 3. Nc3 Bg7 4. e4 d6 5. Bd3 0-0 6. Nge2 e5 7. d5 a5 8. 0-0 Na6 9. Bc2 Nh5 10. Be3 Bd7 11. a3 Qe8 12. Rb1 f5 13. exf5 gxf5 14. f4 exf4 15. Bxf4 Nxf4 16. Nxf4 Nc5 17. Kh1 a4 18. Qe2 Bxc3 19. bxc3 Qxe2 20. Nxe2 Rae8 21. Nd4 f4 22. Rbe1 Re5 23. Nb5 Bxb5 24. cxb5 Rxd5 25. Re7 Rf7 26. Re8+ Kg7 27. Rfe1 Rd2 28. Bf5 Rxf5 29. R1e7+ Rf7 30. Re1 Nd3 31. Rf1 Rd1 32. Kg1 Rxf1+ 33. Kxf1 Ne5 34. Ke2 Nc4 35. Kd3 Nxa3 0-1

[Event "Veliko Gradiste Silver Lake op"]
[Site "Veliko Gradiste"]
[Date "2018.06.20"]
[Round "5"]
[White "Ozen, Bahadir"]
[Black "Filev, Georgi"]
[Result "1/2-1/2"]
[WhiteElo "2316"]
[BlackElo "2390"]
[PlyCount "26"]
[EventDate "2018.06.17"]
[EventType "swiss"]
[EventRounds "9"]
[EventCountry "SRB"]
[SourceTitle "CBM 185 Extra"]
[Source "ChessBase"]
[SourceDate "2018.07.29"]
[SourceVersion "1"]
[SourceVersionDate "2018.07.29"]
[SourceQuality "1"]

1. e4 c5 2. Nf3 d6 3. d4 cxd4 4. Nxd4 Nf6 5. Nc3 Bd7 6. Bg5 e6 7. Ndb5 Bxb5 8. Bxb5+ Nc6 9. Qf3 Be7 10. 0-0-0 0-0 11. Rhe1 Qc7 12. Qh3 a6 13. Bd3 Rfc8 1/2-1/2

[Event "Veliko Gradiste Silver Lake op"]
[Site "Veliko Gradiste"]
[Date "2018.06.19"]
[Round "4"]
[White "Filev, Georgi"]
[Black "Georgiev, Kiril"]
[Result "0-1"]
[WhiteElo "2390"]
[BlackElo "2590"]
[PlyCount "52"]
[EventDate "2018.06.17"]
[EventType "swiss"]
[EventRounds "9"]
[EventCountry "SRB"]
[SourceTitle "CBM 185 Extra"]
[Source "ChessBase"]
[SourceDate "2018.07.29"]
[SourceVersion "1"]
[SourceVersionDate "2018.07.29"]
[SourceQuality "1"]

1. e4 e5 2. Nf3 Nc6 3. d4 exd4 4. Nxd4 Nf6 5. Nxc6 bxc6 6. e5 Qe7 7. Qe2 Nd5 8. c4 Nb6 9. Nc3 Bb7 10. Bd2 0-0-0 11. 0-0-0 f6 12. exf6 Qxf6 13. h4 Qf7 14. Rh3 Ba6 15. Rf3 Qg8 16. Bg5 Bxc4 17. Qe4 Bxf1 18. Rxf1 d5 19. Qe2 Rd7 20. a4 a5 21. Qa6+ Kb8 22. Bf4 Bd6 23. Bxd6 Rxd6 24. Qxa5 d4 25. Ne4 Qc4+ 26. Kd2 Rd5 0-1

[Event "Veliko Gradiste Silver Lake op"]
[Site "Veliko Gradiste"]
[Date "2018.06.18"]
[Round "3"]
[White "Filev, Georgi"]
[Black "Vujacic, Borivoje"]
[Result "1-0"]
[WhiteElo "2390"]
[BlackElo "2211"]
[PlyCount "41"]
[EventDate "2018.06.17"]
[EventType "swiss"]
[EventRounds "9"]
[EventCountry "SRB"]
[SourceTitle "CBM 185 Extra"]
[Source "ChessBase"]
[SourceDate "2018.07.29"]
[SourceVersion "1"]
[SourceVersionDate "2018.07.29"]
[SourceQuality "1"]

1. e4 c5 2. Nf3 d6 3. d4 cxd4 4. Nxd4 Nf6 5. Nc3 a6 6. Bg5 e6 7. f4 h6 8. Bh4 Be7 9. Qf3 Qc7 10. 0-0-0 Nbd7 11. Be2 Rb8 12. Qg3 b5 13. e5 g5 14. exf6 gxh4 15. Nxe6 hxg3 16. Nxc7+ Kd8 17. fxe7+ Kxc7 18. Nd5+ Kc6 19. Bf3 Bb7 20. hxg3 Nb6 21. Nf6+ 1-0

[Event "Plovdiv Radulski Memorial 3rd"]
[Site "Plovdiv"]
[Date "2017.10.29"]
[Round "7"]
[White "Kolev, Hristian"]
[Black "Filev, Georgi"]
[Result "0-1"]
[WhiteElo "1792"]
[BlackElo "2346"]
[PlyCount "48"]
[EventDate "2017.10.29"]
[EventType "swiss (rapid)"]
[EventRounds "9"]
[EventCountry "BUL"]
[SourceTitle "CBM 181 Extra"]
[Source "ChessBase"]
[SourceDate "2017.12.12"]
[SourceVersion "1"]
[SourceVersionDate "2017.12.12"]
[SourceQuality "1"]

1. b3 e5 2. Bb2 Nc6 3. e3 Nf6 4. d4 exd4 5. exd4 d5 6. Nf3 Bd6 7. Be2 0-0 8. 0-0 Re8 9. Nbd2 Bf5 10. Nh4 Bxc2 11. Qxc2 Rxe2 12. Qd3 Re8 13. Nf5 Bf8 14. Rac1 g6 15. Ne3 Qd7 16. Rc2 Nb4 17. Qc3 Nxc2 18. Qxc2 c6 19. Nf3 Ne4 20. Ne5 Qe6 21. Qe2 Bg7 22. f4 f6 23. N5g4 Nd6 24. Rf3 Qxg4 0-1

[Event "FRM-ch"]
[Site "Ohrid"]
[Date "2017.08.18"]
[Round "6"]
[White "Nikolov, Sasho"]
[Black "Filev, Georgi"]
[Result "0-1"]
[WhiteElo "2320"]
[BlackElo "2363"]
[PlyCount "76"]
[EventDate "2017.08.13"]
[EventType "swiss"]
[EventRounds "9"]
[EventCountry "MKD"]
[SourceTitle "CBM 180 Extra"]
[Source "ChessBase"]
[SourceDate "2017.10.06"]
[SourceVersion "1"]
[SourceVersionDate "2017.10.06"]
[SourceQuality "1"]

1. e4 e6 2. d4 d5 3. Nc3 Bb4 4. e5 c5 5. a3 Bxc3+ 6. bxc3 Ne7 7. Nf3 h6 8. a4 0-0 9. Ba3 b6 10. dxc5 Qc7 11. Bd3 bxc5 12. 0-0 Ba6 13. Re1 Bxd3 14. Qxd3 Nd7 15. c4 Rfd8 16. cxd5 Nxd5 17. Qe4 Rab8 18. c4 Nb4 19. Bc1 Nf8 20. Ra3 Qb7 21. Qe2 Rd7 22. Nh4 Rd4 23. Rh3 Rbd8 24. Nf3 Rg4 25. Be3 Nd3 26. Rd1 Nf4 27. Bxf4 Rxd1+ 28. Qxd1 Rxf4 29. Ne1 Rxc4 30. Rd3 Ng6 31. Rd7 Qe4 32. h3 Rd4 33. Rxd4 cxd4 34. Nf3 Nf4 35. h4 d3 36. a5 a6 37. Kf1 Qc4 38. g3 d2+ 0-1

[Event "FRM-ch"]
[Site "Ohrid"]
[Date "2017.08.17"]
[Round "5"]
[White "Pancevski, Filip"]
[Black "Filev, Georgi"]
[Result "1/2-1/2"]
[WhiteElo "2497"]
[BlackElo "2363"]
[PlyCount "83"]
[EventDate "2017.08.13"]
[EventType "swiss"]
[EventRounds "9"]
[EventCountry "MKD"]
[SourceTitle "CBM 180 Extra"]
[Source "ChessBase"]
[SourceDate "2017.10.06"]
[SourceVersion "1"]
[SourceVersionDate "2017.10.06"]
[SourceQuality "1"]

1. g3 d5 2. Bg2 e6 3. Nf3 c5 4. 0-0 Nc6 5. c4 Nf6 6. d4 Be7 7. cxd5 exd5 8. Nc3 0-0 9. dxc5 Bxc5 10. Bg5 d4 11. Bxf6 Qxf6 12. Ne4 Qe7 13. Nxc5 Qxc5 14. Ne1 Qb6 15. Nd3 Bf5 16. Qd2 Rfe8 17. Rac1 Be4 18. Rc4 Bxg2 19. Kxg2 Rad8 20. Rfc1 h6 21. Rc5 Rd7 22. Nf4 Red8 23. a3 a6 24. b4 Rd6 25. Nd3 Re8 26. R1c2 Rde6 27. Nf4 Re5 28. Rxe5 Rxe5 29. Nd3 Re7 30. Qf4 a5 31. Qf5 axb4 32. axb4 g6 33. Qd5 Kg7 34. b5 Nb8 35. Rc4 Qf6 36. Qxd4 Nd7 37. e3 Ne5 38. Nxe5 Rxe5 39. Rc8 Rf5 40. Qxf6+ Kxf6 41. b6 Rb5 42. g4 1/2-1/2